000 01018nam a22003137a 4500
001 0024362
003 KOHA_MİRAKIL
005 20260207002437.0
007 ta
008 101112b2003 tu |||gr||||#||||0|tur |
020 _a9755915249
_c6,88
040 _aTR-BiSEU
_btur
_cTR-BiSEU
_erda
041 0 _atur
044 _ctu
050 _aGV741
_b.S76 2003
245 0 _aSporcu sağlığı ve spor yaralanmaları./
_cEmin Ergen, Rüştü Güner...[ve bşk.].
264 1 _aAnkara :
_bNobel Yayın Dağıtım
_c2003
300 _a[8],149 sayfa: resimli, tablo; 24 cm.
336 _ametin
_btxt
_2rdacontent
337 _aaracısız
_bn
_2rdamedia
338 _acilt
_bnc
_2rdacarrier
490 1 _aNobel yayın no ;
_v545 Sağlık ve spor yayınları dizi no ;
_v55
500 _aKaynakça var.
650 0 _aSport injuries.
_98756
650 0 _aSports medicine.
_98758
650 0 _aSpor tıbbı.
_949764
830 1 _aNobel yayın no ;
_v545 Sağlık ve spor yayınları dizi no ;
_v55
_91940
942 _2lcc
_cBK
999 _c24314
_d24314